Normal view MARC view

Entry Personal Name

Number of records used in: 1

001 - CONTROL NUMBER

  • control field: 1172996

003 - CONTROL NUMBER IDENTIFIER

  • control field: OSt

005 - DATE AND TIME OF LATEST TRANSACTION

  • control field: 20260324124134.0

008 - FIXED-LENGTH DATA ELEMENTS

  • fixed length control field: 260324|| aca||aabn | a|a d

040 ## - CATALOGING SOURCE

  • Original cataloging agency: OSt
  • Transcribing agency: OSt

100 ## - HEADING--PERSONAL NAME

  • Personal name: Bjorn Erik Rasch; George Tsebelis

670 ## - SOURCE DATA FOUND

  • Source citation: Work cat.: (OSt)1767141: Bjorn Erik Rasch; George Tsebelis, The Role of Governments in Legislative Agenda Setting
Copyright @ Delhi University Library System